Loading...
Immortal tales from Kalidasa
| Hovedforfatter: | |
|---|---|
| Format: | Printed Book |
| Sprog: | Malayalam |
| Udgivet: |
Jaico Publishing House, Delhi
Jaico Publishing House, Delhi
1988
|
| LEADER | 00491nam a2200121Ia 4500 | ||
|---|---|---|---|
| 008 | 111205s9999 xx 000 0 mal d | ||
| 100 | |a Surveyor ,Sunak | ||
| 245 | |a Immortal tales from Kalidasa |c Surveyor ,Sunak | ||
| 260 | |b Jaico Publishing House, Delhi |a Jaico Publishing House, Delhi |c 1988 | ||
| 300 | |a 202 | ||
| 942 | |c BK | ||
| 999 | |c 209607 |d 209607 | ||
| 952 | |0 0 |1 0 |4 0 |6 SHELF_NO_58_000000000000000 |7 0 |9 231833 |a MAL |b MAL |c ST1 |d 1972-09-22 |g 28.00 |l 0 |o Shelf No.58 |p MAL21447 |r 2015-04-13 |v 28.00 |w 2015-04-13 |y BK |k 1.00 | ||